|
|
|
|
| LEADER |
00000cam a2200000 ca4500 |
| 001 |
1733312773 |
| 003 |
DE-627 |
| 005 |
20250130183134.0 |
| 007 |
cr uuu---uuuuu |
| 008 |
200918m17611783gw |||||o 00| ||ger c |
| 024 |
7 |
|
|a urn:nbn:de:gbv:3:1-1192015415-147751047-19
|2 urn
|
| 024 |
7 |
|
|a 10.25673/34729
|2 doi
|
| 024 |
7 |
|
|a VD18 11121521
|2 vd18
|
| 035 |
|
|
|a (DE-627)1733312773
|
| 035 |
|
|
|a (DE-599)KXP1733312773
|
| 040 |
|
|
|a DE-627
|b ger
|c DE-627
|e rakwb
|
| 041 |
|
|
|a ger
|
| 044 |
|
|
|c XA-DE
|c XA-DXDE
|
| 084 |
|
|
|a 1
|2 ssgn
|
| 100 |
1 |
|
|e VerfasserIn
|0 (DE-588)100130186
|0 (DE-627)157111202
|0 (DE-576)166107093
|4 aut
|a Estor, Johann Georg
|d 1699-1773
|
| 109 |
|
|
|a Estor, Johann George Estor 1699-1773
|a Ester, Johannes Georg 1699-1773
|a Estor, Johann G. 1699-1773
|a Ester, Johann Georg 1699-1773
|a Ester, Johann G. 1699-1773
|a Estor, Johannes Georg 1699-1773
|a Estor, Io. Georgius 1699-1773
|a Estor, Ioannes Georgius 1699-1773
|a Estor, Johann George 1699-1773
|a Estor, Joannes Georgius 1699-1773
|a Estor, Io. Georg. 1699-1773
|a Estor, Johann Georg 1699-1773
|a Estorus, Io. Georg. 1699-1773
|a Estor, Io. Ge. 1699-1773
|a Estorus, Johann Georg 1699-1773
|a Estor, Johann Georgen 1699-1773
|a Estor, Johannes Georgius 1699-1773
|a Estore, Johannes Georgius 1699-1773
|a Estorus, Johannes Georgius 1699-1773
|a Estorus, Joannes Georgius 1699-1773
|a Estor, Johann Geörgen 1699-1773
|
| 240 |
1 |
0 |
|a Neue kleine Schriften
|
| 245 |
1 |
0 |
|a Johann Geörgen Estors vicekanzlers neue kleine Schriften
|
| 256 |
|
|
|a TIFF, Vers.6.0, 300 dpi, 24 bit (Farbe), Digitalisierungsvorlage: Primärausgabe
|
| 264 |
|
1 |
|a Marburg
|b in der Müllerschen buchhandelung
|c 1761-1783
|
| 336 |
|
|
|a Text
|b txt
|2 rdacontent
|
| 337 |
|
|
|a Computermedien
|b c
|2 rdamedia
|
| 338 |
|
|
|a Online-Ressource
|b cr
|2 rdacarrier
|
| 500 |
|
|
|a Vorlageform der Veröffentlichungsangabe: Marburg in der Müllerschen buchhandelung ...
|
| 533 |
|
|
|a Online-Ausgabe
|b Halle, Saale
|c Universitäts- und Landesbibliothek Sachsen-Anhalt
|d 2020
|e 1 Online-Ressource
|f VD18 digital
|7 |2020||||||||||
|
| 583 |
1 |
|
|a Archivierung/Langzeitarchivierung gewährleistet
|x XA-DE-ST
|2 pdager
|5 DE-3
|
| 601 |
|
|
|a Estor, Johann Georg
|
| 601 |
|
|
|a Schrift
|
| 700 |
1 |
|
|e Verlag
|e Vertrieb
|0 (DE-588)1037605217
|0 (DE-627)756162424
|0 (DE-576)391624679
|4 pbl
|4 dst
|a Müller, Anna Julianne
|
| 710 |
2 |
|
|e Verlag
|0 (DE-588)1052348939
|0 (DE-627)788421549
|0 (DE-576)408092009
|4 pbl
|4 dst
|a Müllerische Buchhandlung
|
| 751 |
|
|
|a Marburg
|0 (DE-588)4037446-4
|0 (DE-627)106237454
|0 (DE-576)209024305
|4 pup
|
| 776 |
0 |
8 |
|i Elektronische Reproduktion von
|a Estor, Johann Georg, 1699 - 1773
|t Johann Geörgen Estors vicekanzlers neue kleine schriften
|d Marburg : in der Müllerschen buchhandelung, 1761
|w (DE-627)147751047
|w (DE-576)9147751045
|k Non-Electronic
|
| 850 |
|
|
|a RedVD18-DE-3
|
| 856 |
4 |
0 |
|u http://dx.doi.org/10.25673/34729
|x Langzeitarchivierung
|x Resolving-System
|z kostenfrei
|3 Volltext
|7 0
|
| 856 |
4 |
0 |
|u http://nbn-resolving.de/urn:nbn:de:gbv:3:1-1192015415-147751047-19
|x Langzeitarchivierung
|x Resolving-System
|z kostenfrei
|3 Volltext
|7 0
|
| 912 |
|
|
|a vd18
|
| 935 |
|
|
|a RFBW
|a mteo
|
| 935 |
|
|
|i vd18
|
| 951 |
|
|
|a MC
|
| ELC |
|
|
|a 1
|
| LOK |
|
|
|0 000 xxxxxcx a22 zn 4500
|
| LOK |
|
|
|0 001 4544544998
|
| LOK |
|
|
|0 003 DE-627
|
| LOK |
|
|
|0 004 1733312773
|
| LOK |
|
|
|0 005 20240701104113
|
| LOK |
|
|
|0 008 240701||||||||||||||||ger|||||||
|
| LOK |
|
|
|0 040
|a DE-Tue135
|c DE-627
|d DE-Tue135
|
| LOK |
|
|
|0 092
|o n
|
| LOK |
|
|
|0 852
|a DE-Tue135
|
| LOK |
|
|
|0 852 1
|9 00
|
| LOK |
|
|
|0 866
|x SPQUE#Reformationsgeschichtliche Forschungsbibliothek Wittenberg#SPSAM#Übergeordnete Werke
|
| LOK |
|
|
|0 935
|a RFBW
|a rfuw
|
| LOK |
|
|
|0 939
|a 01-07-24
|b l01
|
| OAS |
|
|
|a 1
|
| ORI |
|
|
|a SA-MARC-ixtheoa001.raw
|
| SPR |
|
|
|a 1
|t IXT
|